Vidéos les plus populaires sur Youtube - Statistiques

Statistiques générales
  • Ce quiz a été pris 136 fois
  • Le résultat moyen est 9 sur 20
Statistiques - réponses
Type de quiz Vidéo Artistes Vues en millions % Correct
Musique Despacito Luis Fonsi et Daddy Yankee 5427,4
98%
Musique Gangnam Style PSY 3194,1
80%
Musique Shape of you Ed Sheeran 3696,3
76%
Musique See you again Wiz Khalifa et Charlie Puth 3708,2
72%
Musique Hello Adèle 2383
68%
Musique Uptown Funk Mark Ronson et Bruno Mars 3182,5
62%
Musique Roar Katy Perry 2598,5
57%
Musique Lean on Major Leazer, DJ Snake et MO 2369,4
51%
Musique Sorry Justin Bieber 2986
48%
Musique Shake it off Taylor Swift 2621,2
46%
Musique Sugar Maroon Five 2713,3
42%
Musique Counting Stars OneRepublic 2378,4
37%
Musique Dark Horse Katy Perry ft Juicy J 2392,1
36%
Musique Blank Space Taylor Swifft 2327,2
30%
Musique All about that bass Meghan Trainor 2219
28%
Musique Thinking out loud Ed Sheeran 2440,5
24%
Musique Chantaje Shakira et Maluma 2234,2
23%
Musique Bailando Enrique Iglesias, Descemer Bueno et Gente de Zona 2556,1
21%
Musique Closer The Chainsmokers ft Halsey 2150
21%
Série TV Masha and the bear Get Movies 3224
10%
Aucun quiz correspondant
Distribution des résultats
% des personnes avec chaque résultat
Percentile par nombre de réponses
Votre historique - résultats
Vous n’avez pas pris ce quiz